000 00297nam a2200109Ia 4500
008 200302s9999 xx 000 0 und d
100 _aCharles P. Graves and David Grahame Shane
245 _aThe Genealogy of Cities
260 _bThe Kent State University Press
260 _c2009
300 _a367 P.,
999 _c5376
_d5376